[Event "ROM-ch sf (Women)"]
[Site "Sovata"]
[Date "2001.03.13"]
[Round "4"]
[White "Padurariu, Ioana Smaranda"]
[Black "Calota, Alina"]
[Result "1-0"]
[WhiteElo "2113"]
[BlackElo "2076"]
[PlyCount "80"]
[EventDate "2001.03.10"]
[EventType "swiss"]
[EventRounds "9"]
[EventCountry "ROU"]
[SourceTitle "EXT 2008"]
[Source "ChessBase"]
[SourceDate "2007.11.25"]
[SourceVersion "1"]
[SourceVersionDate "2007.11.25"]
[SourceQuality "1"]

1. e4 g6 2. d4 Bg7 3. Nc3 d6 4. Nf3 a6 5. Be2 b5 6. a3 Nd7 7. Be3 Bb7 8. 0-0 Ngf6 9. Nd2 0-0 10. f4 e5 11. dxe5 dxe5 12. f5 Qe7 13. g4 h6 14. Qe1 Nh7 15. Nb3 Rad8 16. Rd1 b4 17. axb4 Qxb4 18. Rxd7 Bxe4 19. Rxd8 Rxd8 20. Bc5 Ng5 21. Qg3 Qb7 22. Nxe4 Nxe4 23. Qe3 Nf6 24. fxg6 fxg6 25. h3 Re8 26. Bc4+ Kh7 27. Bf7 Rb8 28. Qxe5 Nd7 29. Bxg6+ Kh8 30. Qe7 Ne5 31. Bd4 c5 32. Bxe5 Bxe5 33. Ra1 c4 34. Nd2 Qxb2 35. Rxa6 Qb7 36. Nxc4 Bd4+ 37. Kf1 Qc8 38. Kg2 Kg8 39. Bf5 Rb1 40. Rg6+ Kh8 1-0

[Event "ROM-chT"]
[Site "Sovata"]
[Date "1999.04.18"]
[Round "3"]
[White "Calota, Alina"]
[Black "Ionica, Iulia Ionela"]
[Result "1-0"]
[WhiteElo "2133"]
[BlackElo "2218"]
[PlyCount "63"]
[EventDate "1999.04.16"]
[EventType "team"]
[EventRounds "5"]
[EventCountry "ROU"]
[SourceTitle "EXT 2000"]
[Source "ChessBase"]
[SourceDate "1999.11.16"]
[SourceVersion "1"]
[SourceVersionDate "1999.11.16"]
[SourceQuality "1"]

1. e4 c5 2. Nf3 e6 3. d4 cxd4 4. Nxd4 Nf6 5. Nc3 d6 6. Be3 a6 7. f4 Nc6 8. Qf3 Qc7 9. 0-0-0 Rb8 10. g4 b5 11. g5 Nd7 12. Bd3 Bb7 13. Kb1 Nxd4 14. Bxd4 b4 15. Ne2 a5 16. Rhf1 Bc6 17. f5 e5 18. Be3 Qb7 19. Ng3 Nc5 20. g6 Nxd3 21. cxd3 hxg6 22. fxg6 f6 23. Nf5 Rxh2 24. Rh1 Rxh1 25. Qxh1 Bd7 26. Nxd6+ Bxd6 27. Qh8+ Ke7 28. Qxg7+ Kd8 29. Qxf6+ Be7 30. Qh8+ Be8 31. g7 Bf6 32. Bg5 1-0

[Event "EU-ch U18 Girls"]
[Site "Mureck"]
[Date "1998.??.??"]
[Round "7"]
[White "Calota, Alina"]
[Black "Aginian, Nelly"]
[Result "1/2-1/2"]
[WhiteElo "2175"]
[BlackElo "2130"]
[PlyCount "131"]
[EventDate "1998.07.08"]
[EventType "swiss"]
[EventRounds "9"]
[EventCountry "AUT"]
[SourceTitle "CBM 065 Extra"]
[Source "ChessBase"]
[SourceDate "1998.09.09"]
[SourceVersion "1"]
[SourceVersionDate "1998.09.09"]
[SourceQuality "1"]

1. e4 c5 2. Nf3 e6 3. d4 cxd4 4. Nxd4 Nf6 5. Nc3 d6 6. Be3 a6 7. g4 h6 8. f3 b5 9. Qd2 Bb7 10. h4 Nc6 11. 0-0-0 Qc7 12. Nxc6 Qxc6 13. Ne2 0-0-0 14. Nd4 Qc7 15. Bh3 Nd7 16. g5 Re8 17. g6 Ne5 18. gxf7 Qxf7 19. Rhf1 Kb8 20. Qc3 Nc4 21. Bg1 e5 22. Ne2 Qc7 23. Kb1 Be7 24. h5 Rhf8 25. Ka1 Bg5 26. b3 Ne3 27. Qxc7+ Kxc7 28. Bxe3 Bxe3 29. Rd3 Bc5 30. Ng3 b4 31. Nf5 Bc8 32. Rfd1 Bxf5 33. Bxf5 a5 34. c3 Re7 35. Kb2 Kb7 36. c4 Kc7 37. R1d2 Ra8 38. Rg2 Bd4+ 39. Kc2 a4 40. Kb1 axb3 41. Rxb3 Bc5 42. Rgb2 Kc6 43. Bg4 Bd4 44. Rg2 Kc5 45. Re2 Ra4 46. Bf5 Rea7 47. Be6 Ra3 48. Rd2 R7a6 49. Bd5 Bc3 50. Rxa3 Rxa3 51. Rd3 Ra7 52. Be6 Bd4 53. Bd5 Re7 54. Rb3 Ra7 55. Rd3 Ra6 56. Be6 Ra5 57. Bd5 Bc3 58. Be6 Bd4 59. Bd5 Ra7 60. Be6 Re7 61. Bd5 Rc7 62. Rb3 Ra7 63. Rd3 Ra5 64. Be6 Ra7 65. Bd5 Ra6 66. Be6 1/2-1/2

[Event "ROM-chT"]
[Site "Timisu de Sus"]
[Date "1998.??.??"]
[Round "5"]
[White "Hamdouchi, Adina Maria"]
[Black "Calota, Alina"]
[Result "0-1"]
[WhiteElo "2145"]
[BlackElo "2175"]
[PlyCount "114"]
[EventDate "1998.11.??"]
[EventType "team"]
[EventRounds "5"]
[EventCountry "ROU"]
[SourceTitle "EXT 2000"]
[Source "ChessBase"]
[SourceDate "1999.11.16"]
[SourceVersion "1"]
[SourceVersionDate "1999.11.16"]
[SourceQuality "1"]

1. d4 g6 2. Nf3 Nf6 3. Bg5 Bg7 4. Nbd2 c5 5. Bxf6 Bxf6 6. Ne4 Bxd4 7. Nxd4 cxd4 8. Qxd4 0-0 9. Qd2 Qb6 10. 0-0-0 f5 11. Ng5 Qxf2 12. h4 f4 13. Qd5+ e6 14. Qd6 Nc6 15. h5 Qe3+ 16. Kb1 Rf5 17. hxg6 hxg6 18. g4 fxg3 19. Nf3 Qf4 20. Rg1 Qxd6 21. Rxd6 Kg7 22. Rxg3 Kf6 23. Bh3 Rh5 24. c4 Ke7 25. Rd1 d6 26. Ng5 Ne5 27. b3 Bd7 28. Ne4 Nf7 29. Bg2 g5 30. Nxd6 Nxd6 31. Rgd3 e5 32. Rxd6 Bf5+ 33. Ka1 Rh2 34. Bxb7 Rb8 35. Ba6 g4 36. c5 g3 37. Rg1 Rg8 38. Kb2 g2 39. Rdd1 Be4 40. Bc4 Rd8 41. Bd3 Bc6 42. b4 e4 43. b5 Bd5 44. Bc2 e3 45. Kc3 Rh1 46. Rxd5 Rxg1 47. Rg5 Rc1 48. Rxg2 Rd2 49. Rg7+ Kf8 50. Rxa7 Rdxc2+ 51. Kd4 Rxc5 52. a4 R1c4+ 53. Kxe3 Rb4 54. Kd3 Rc1 55. Ra8+ Ke7 56. Ra7+ Kd8 57. e4 Ra1 0-1

[Event "EU-ch U18 Girls"]
[Site "Mureck"]
[Date "1998.??.??"]
[Round "4"]
[White "Morkunaite, Egle"]
[Black "Calota, Alina"]
[Result "0-1"]
[WhiteElo "2065"]
[BlackElo "2175"]
[PlyCount "122"]
[EventDate "1998.07.08"]
[EventType "swiss"]
[EventRounds "9"]
[EventCountry "AUT"]
[SourceTitle "CBM 065 Extra"]
[Source "ChessBase"]
[SourceDate "1998.09.09"]
[SourceVersion "1"]
[SourceVersionDate "1998.09.09"]
[SourceQuality "1"]

1. e4 g6 2. d4 Bg7 3. Nc3 d6 4. Be3 a6 5. Qd2 b5 6. f3 Nd7 7. d5 Bb7 8. Bd4 Ngf6 9. a4 b4 10. Nd1 a5 11. Bb5 0-0 12. c4 Rc8 13. Ne2 e5 14. Be3 Nh5 15. g4 Nf4 16. Bxd7 Qxd7 17. Nxf4 exf4 18. Bxf4 Qe7 19. Bg5 f6 20. Bh4 Rce8 21. Ne3 Bc8 22. 0-0-0 Bd7 23. b3 Qe5 24. Qc2 Bh6 25. Bf2 f5 26. gxf5 Bxf5 27. Kb1 Bg7 28. Ka2 Bd7 29. Bg3 Qf6 30. Rhf1 h5 31. c5 Bh3 32. Ng2 Rf7 33. f4 Rxe4 34. Bh4 Qc3 35. Rf2 Qxc2+ 36. Rxc2 Bxg2 37. Rxg2 Rexf4 38. Bg3 Rf1 39. Rgd2 dxc5 40. Kb1 Bd4 41. Kc2 R1f3 42. Rd3 R3f5 43. d6 cxd6 44. Bxd6 Kg7 45. Bg3 g5 46. h3 Kg6 47. Kd2 h4 48. Be1 Re7 49. Kc2 Re2+ 50. R3d2 Re3 51. Rd3 Rff3 52. Rxe3 Rxe3 53. Bd2 Rxh3 54. Re1 Bc3 55. Re6+ Kf5 56. Rc6 Rh2 57. Rxc5+ Ke4 58. Rxg5 Rxd2+ 59. Kc1 h3 60. Rxa5 h2 61. Rh5 Rg2 0-1

[Event "ROM-ch op (Women)"]
[Site "Eforie Nord"]
[Date "1997.??.??"]
[Round "?"]
[White "Calota, Alina"]
[Black "Bollengier, Andreea"]
[Result "0-1"]
[WhiteElo "2115"]
[BlackElo "2110"]
[PlyCount "50"]
[EventDate "1997.09.??"]
[EventType "swiss"]
[EventRounds "11"]
[EventCountry "ROU"]
[SourceTitle "EXT 2000"]
[Source "ChessBase"]
[SourceDate "1999.11.16"]
[SourceVersion "1"]
[SourceVersionDate "1999.11.16"]
[SourceQuality "1"]

1. e4 c5 2. Nf3 d6 3. d4 cxd4 4. Nxd4 Nf6 5. Nc3 a6 6. f4 Qc7 7. Be3 e6 8. Qf3 b5 9. a3 Nc6 10. Nxc6 Qxc6 11. g4 Bb7 12. Bg2 d5 13. exd5 Nxd5 14. Nxd5 exd5 15. Qe2 0-0-0 16. Qf2 Qg6 17. g5 d4 18. Bh3+ Kc7 19. 0-0-0 Bxh1 20. Bxd4 Bc5 21. Be5+ Kb6 22. Qe1 Rxd1+ 23. Qxd1 Qc6 24. b4 Be3+ 25. Kb2 Qd5 0-1

[Event "ROM-chT"]
[Site "Predeal"]
[Date "1997.??.??"]
[Round "3"]
[White "Calota, Alina"]
[Black "Peptan, Corina Isabela"]
[Result "0-1"]
[WhiteElo "2125"]
[BlackElo "2425"]
[PlyCount "94"]
[EventDate "1997.??.??"]
[EventType "team-swiss"]
[EventRounds "5"]
[EventCountry "ROU"]
[SourceTitle "EXT 2002"]
[Source "ChessBase"]
[SourceDate "2001.11.25"]
[SourceVersion "1"]
[SourceVersionDate "2001.11.25"]
[SourceQuality "1"]

1. e4 c5 2. Nf3 d6 3. d4 cxd4 4. Nxd4 Nf6 5. Nc3 Nc6 6. f3 e6 7. Be3 a6 8. Qd2 Bd7 9. g4 b5 10. g5 Nh5 11. Nxc6 Bxc6 12. a3 Be7 13. Rg1 Rb8 14. Be2 e5 15. 0-0-0 0-0 16. Nd5 Bxd5 17. Qxd5 g6 18. f4 Nxf4 19. Bxf4 exf4 20. e5 Bxg5 21. Bf3 dxe5 22. Qxe5 Bf6 23. Qxf4 Qb6 24. Rgf1 Kg7 25. h4 Qe6 26. Rde1 Qc4 27. Qxf6+ Kxf6 28. Be2+ Kg7 29. Bxc4 bxc4 30. Re7 Rbc8 31. Kd2 c3+ 32. bxc3 Rc4 33. Ra7 Rxh4 34. Rxa6 Rh2+ 35. Kc1 f5 36. a4 Re8 37. Ra7+ Kh6 38. Kb1 Rc8 39. Kb2 Rh3 40. a5 Rcxc3 41. a6 Rc6 42. Rf2 Rb6+ 43. Kc1 Ra3 44. Rh2+ Kg5 45. Raxh7 Raxa6 46. R7h3 f4 47. Rg2+ Kf5 0-1

[Event "ROM-ch op (Women)"]
[Site "Eforie Nord"]
[Date "1997.??.??"]
[Round "?"]
[White "Calota, Alina"]
[Black "Popescu, Sabina"]
[Result "0-1"]
[WhiteElo "2115"]
[BlackElo "2010"]
[PlyCount "98"]
[EventDate "1997.09.??"]
[EventType "swiss"]
[EventRounds "11"]
[EventCountry "ROU"]
[SourceTitle "EXT 2000"]
[Source "ChessBase"]
[SourceDate "1999.11.16"]
[SourceVersion "1"]
[SourceVersionDate "1999.11.16"]
[SourceQuality "1"]

1. e4 g6 2. d4 Bg7 3. Nc3 c6 4. Nf3 d5 5. e5 Nh6 6. h3 f6 7. Bf4 0-0 8. Qd2 Nf7 9. exf6 exf6 10. 0-0-0 Nd7 11. g4 Nb6 12. Rg1 Nd6 13. Kb1 Nbc4 14. Qc1 Qb6 15. Ka1 Qb4 16. Rd3 Be6 17. Nd2 Rfe8 18. f3 Bf7 19. Nb3 Re7 20. h4 Rae8 21. Bh3 a5 22. a3 Qb6 23. Na4 Qd8 24. g5 f5 25. Ka2 b5 26. Nac5 a4 27. Nd2 Nxd2 28. Bxd2 Nc4 29. Bf4 Qa5 30. c3 Re2 31. Bd2 Rh2 32. Rh1 Ree2 33. Rxh2 Rxh2 34. f4 Bxd4 35. Rxd4 Rxh3 36. Nd7 Qd8 37. Nf6+ Kg7 38. Qe1 c5 39. Rxc4 d4 40. Qe5 Bxc4+ 41. Kb1 Rh1+ 42. Be1 Kf7 43. Kc1 dxc3 44. bxc3 Bb3 45. Qe2 b4 46. Kb2 bxa3+ 47. Kxa3 c4 48. Kb2 a3+ 49. Kc1 Qd1+ 0-1